[Event "Forcing Moves First Spring-2 U1900"]
[Site "Mississauga CAN"]
[Date "2023.05.27"]
[Round "2.7"]
[White "Kang, Richard"]
[Black "Xie, Irene"]
[Result "0-1"]
[WhiteElo "1332"]
[BlackElo "1703"]
[PlyCount "102"]
[EventDate "2023.05.27"]
[EventType "swiss"]
[EventRounds "5"]
[EventCountry "CAN"]

1. d4 e6 2. c4 d5 3. Nc3 Nf6 4. Bg5 Be7 5. e3 b6 6. cxd5 exd5 7. Nf3 Bb7 8. Bd3
Ne4 9. Bxe7 Qxe7 10. O-O O-O 11. Rc1 c6 12. Qc2 f5 13. Ne5 Nd7 14. Nxd7 Qxd7
15. Ne2 g5 16. f3 Nd6 17. Nc3 h5 18. e4 dxe4 19. fxe4 Nxe4 20. Nxe4 fxe4 21.
Bc4+ Kg7 22. Qxe4 Rad8 23. Qd3 Qe7 24. d5 Qc5+ 25. Kh1 cxd5 26. Bb5 Rxf1+ 27.
Qxf1 Rf8 28. Rxc5 Rxf1+ 29. Bxf1 bxc5 30. Kg1 Kf6 31. Kf2 Bc8 32. Be2 g4 33.
Ke3 Ke5 34. a3 d4+ 35. Kd2 Be6 36. Kc2 c4 37. Bd1 Ke4 38. Kd2 Bd5 39. g3 Bf7
40. Be2 Bd5 41. Bd1 Kf5 42. Ba4 Bf7 43. Bd1 Ke4 44. Be2 d3 45. Bd1 Be8 46. b4
Kd4 47. Kc1 Kc3 48. h3 d2+ 49. Kb1 Bg6+ 50. Ka2 gxh3 51. Bf3 h2 0-1

[Event "Forcing Moves First Spring-2 U1900"]
[Site "Mississauga CAN"]
[Date "2023.05.27"]
[Round "2.8"]
[White "Bi, William"]
[Black "Patil, Tanishq"]
[Result "0-1"]
[WhiteElo "1275"]
[BlackElo "1535"]
[PlyCount "66"]
[EventDate "2023.05.27"]
[EventType "swiss"]
[EventRounds "5"]
[EventCountry "CAN"]

1. e4 c5 2. Nf3 d6 3. d4 cxd4 4. Nxd4 Nf6 5. Nc3 a6 6. Bc4 e6 7. O-O Be7 8. Be3
O-O 9. f3 b5 10. Bb3 Bb7 11. Qe2 Nbd7 12. Qf2 Nc5 13. Rad1 Qc7 14. Qg3 Rac8 15.
Bh6 Nh5 16. Qg4 Kh8 17. Qxh5 gxh6 18. Qxh6 Nxb3 19. cxb3 Rg8 20. f4 b4 21. Nce2
Bxe4 22. Ng3 Bd5 23. f5 Bg5 24. Qh5 Be3+ 25. Kh1 Qb7 26. Qh3 e5 27. Nde2 Rc2
28. Rg1 Bxg1 29. Rxg1 Rxb2 30. Qh6 Qa8 31. Qf6+ Rg7 32. Nh5 Bxg2+ 33. Rxg2
Qxg2# 0-1

[Event "Forcing Moves First Spring-2 U1900"]
[Site "Mississauga CAN"]
[Date "2023.05.27"]
[Round "2.9"]
[White "Kabilar, Kesavar"]
[Black "Narula, Japveer"]
[Result "1-0"]
[WhiteElo "1776"]
[BlackElo "1188"]
[PlyCount "91"]
[EventDate "2023.05.27"]
[EventType "swiss"]
[EventRounds "5"]
[EventCountry "CAN"]

1. e4 e5 2. Nf3 Nc6 3. Bc4 Bc5 4. Nc3 Nf6 5. d3 h6 6. Be3 Bb6 7. O-O d6 8. h3
Be6 9. Nd5 Bxd5 10. Bxd5 Nxd5 11. exd5 Ne7 12. c4 O-O 13. Nh4 Nxd5 14. Nf5 Ne7
15. Ng3 f5 16. Bxb6 axb6 17. f4 Qe8 18. Qe2 Qg6 19. Qe3 Nc6 20. a3 Nd4 21. Rad1
Qxg3 22. Qxg3 Ne2+ 23. Kh2 Nxg3 24. Kxg3 Rae8 25. Rde1 Kh7 26. a4 g5 27. fxe5
dxe5 28. b4 Re7 29. d4 e4 30. d5 f4+ 31. Kg4 Kg6 32. h4 h5+ 33. Kh3 g4+ 34. Kh2
e3 35. a5 bxa5 36. bxa5 f3 37. gxf3 gxf3 38. Kg3 f2 39. Re2 Re4 40. c5 Rg4+ 41.
Kh2 Rf3 42. c6 Rgg3 43. Rxe3 Rxe3 44. cxb7 Rg4 45. b8=Q Reg3 46. Rxf2 1-0

[Event "Forcing Moves First Spring-2 U1900"]
[Site "Mississauga CAN"]
[Date "2023.05.27"]
[Round "2.10"]
[White "Deepak, Laksshana"]
[Black "Chowdavarapu, Nanda Sai Vinesh"]
[Result "0-1"]
[WhiteElo "1666"]
[BlackElo "1382"]
[PlyCount "128"]
[EventDate "2023.05.27"]
[EventType "swiss"]
[EventRounds "5"]
[EventCountry "CAN"]

1. e4 c5 2. Nf3 e6 3. d4 cxd4 4. Nxd4 a6 5. Nc3 Qc7 6. a3 Nf6 7. Be2 b5 8. O-O
Bb7 9. Bf3 d6 10. Be3 Nbd7 11. Re1 Be7 12. Bg4 Nxg4 13. Qxg4 Nf6 14. Qxg7 Rg8
15. Qh6 Rg6 16. Qh3 Nxe4 17. Nxe4 Bxe4 18. f3 Bd5 19. Qxh7 Bf6 20. Qh3 O-O-O
21. g4 Rh8 22. Qg2 Rg7 23. Re2 Be5 24. Kf1 Rxh2 25. Qxh2 Bxh2 26. Rxh2 Kb7 27.
Rd1 Qc4+ 28. Ke1 Qa2 29. c3 Qc4 30. Kd2 f6 31. Rc1 Rf7 32. Rh8 f5 33. b3 Qc7
34. c4 Qa5+ 35. b4 Qxa3 36. cxd5 Qxb4+ 37. Ke2 f4 38. dxe6 fxe3 39. Kxe3 Qa3+
40. Ke4 Re7 41. Rcc8 Qb4 42. Kd5 Rc7 43. Rb8+ Ka7 44. Ra8+ Kb6 45. Rhb8+ Rb7
46. e7 Qc5+ 47. Ke6 Qe5+ 48. Kf7 Qxe7+ 49. Kg6 Qg7+ 50. Kf5 Qxd4 51. g5 b4 52.
Rxb7+ Kxb7 53. Re8 b3 54. g6 b2 55. Re1 a5 56. f4 a4 57. Kg5 a3 58. f5 Qd2+ 59.
Kf6 Qxe1 60. g7 Qg3 61. Kf7 b1=Q 62. f6 Qbg6+ 63. Kg8 Qb3+ 64. Kh8 Qh6# 0-1

[Event "Forcing Moves First Spring-2 U1900"]
[Site "Mississauga CAN"]
[Date "2023.05.27"]
[Round "2.11"]
[White "Shah, Mustafa"]
[Black "Langridge, Caleb"]
[Result "1-0"]
[WhiteElo "1391"]
[BlackElo "1252"]
[PlyCount "37"]
[EventDate "2023.05.27"]
[EventType "swiss"]
[EventRounds "5"]
[EventCountry "CAN"]

1. d4 d5 2. Nf3 Bf5 3. Bf4 Nc6 4. c3 Nf6 5. h3 h6 6. e3 a6 7. Bd3 Ne4 8. O-O
Qd7 9. Ne5 Nxe5 10. Bxe5 Qe6 11. Bxc7 Qg6 12. Bxe4 dxe4 13. Bg3 h5 14. h4 Qh7
15. Qb3 b5 16. Qd5 Rc8 17. Nd2 g5 18. Qb7 Bg7 19. Nxe4 1-0

[Event "Forcing Moves First Spring-2 U1900"]
[Site "Mississauga CAN"]
[Date "2023.05.27"]
[Round "2.12"]
[White "Bala, Mehar"]
[Black "Guan, Isabelle"]
[Result "1/2-1/2"]
[WhiteElo "1203"]
[BlackElo "1326"]
[PlyCount "68"]
[EventDate "2023.05.27"]
[EventType "swiss"]
[EventRounds "5"]
[EventCountry "CAN"]

1. e4 e5 2. Nf3 Nc6 3. d4 exd4 4. Bc4 d6 5. Nxd4 Nf6 6. Nc3 Be7 7. Nf3 Bg4 8.
Bf4 Qd7 9. Qd2 a6 10. h3 Bh5 11. Bd3 d5 12. exd5 Nxd5 13. Nxd5 Qxd5 14. Be2 Qe6
15. Qe3 Qf6 16. O-O-O h6 17. Bxc7 O-O 18. Ne5 Bxe2 19. Qxe2 Nxe5 20. Bxe5 Qe6
21. Rhe1 Qxa2 22. Qe3 Rad8 23. c3 Qa1+ 24. Kc2 Qa4+ 25. Kb1 Qb3 26. Bc7 Ba3 27.
Qb6 Rxd1+ 28. Rxd1 Qxd1+ 29. Ka2 Be7 30. Qxb7 Qa4+ 31. Kb1 Qd1+ 32. Ka2 Qa4+
33. Kb1 Qd1+ 34. Ka2 Qa4+ 1/2-1/2

[Event "Forcing Moves First Spring-2 U1900"]
[Site "Mississauga CAN"]
[Date "2023.05.27"]
[Round "2.13"]
[White "Leung, Wah Sing (Joseph)"]
[Black "Anish, Diganth"]
[Result "1-0"]
[WhiteElo "1681"]
[BlackElo "1209"]
[PlyCount "131"]
[EventDate "2023.05.27"]
[EventType "swiss"]
[EventRounds "5"]
[EventCountry "CAN"]

1. e4 c5 2. Nf3 d6 3. Bb5+ Bd7 4. Bxd7+ Nxd7 5. O-O Ngf6 6. Re1 g6 7. b3 Bg7 8.
Bb2 O-O 9. Nc3 e6 10. d4 cxd4 11. Nxd4 Ne5 12. Ndb5 Ne8 13. Qd2 a6 14. Nd4 Qb6
15. Na4 Qd8 16. c4 Qh4 17. h3 Nf6 18. Qe2 Qg5 19. Nf3 Nxf3+ 20. Qxf3 Nh5 21.
Bxg7 Kxg7 22. Nc3 Rab8 23. Rad1 Qe5 24. g4 Nf4 25. Ne2 Nxe2+ 26. Rxe2 b5 27.
cxb5 Rxb5 28. Red2 Rb6 29. Qe3 Rc6 30. f4 Qc5 31. Qxc5 dxc5 32. Rc2 Rfc8 33.
Rc4 Rb6 34. Kf2 Rb4 35. Rdc1 Rb5 36. b4 Rd8 37. bxc5 Rd2+ 38. Ke3 Rxa2 39. c6
Rb8 40. c7 Rc8 41. Rb4 Ra3+ 42. Kd4 Kf6 43. Rb8 Ra4+ 44. Kd3 Ra3+ 45. Kd2 Ra2+
46. Kd1 e5 47. Rxc8 exf4 48. Rd8 f3 49. Rd2 f2 50. Rxf2+ Rxf2 51. c8=Q Rf1+ 52.
Ke2 Rxc1 53. Qxc1 Ke5 54. Ke3 f5 55. gxf5 gxf5 56. Qc5+ Kf6 57. Qxf5+ Kg7 58.
Qa5 h5 59. Qxh5 a5 60. Qxa5 Kh8 61. Qg5 Kh7 62. e5 Kh8 63. e6 Kh7 64. e7 Kh8
65. e8=N Kh7 66. Qg7# 1-0

[Event "Forcing Moves First Spring-2 U1900"]
[Site "Mississauga CAN"]
[Date "2023.05.27"]
[Round "2.14"]
[White "Bakradze, Joshua"]
[Black "Liu, Zeyu"]
[Result "0-1"]
[WhiteElo "1350"]
[BlackElo "1286"]
[PlyCount "36"]
[EventDate "2023.05.27"]
[EventType "swiss"]
[EventRounds "5"]
[EventCountry "CAN"]

1. e4 c5 2. Nf3 a6 3. d4 cxd4 4. Nxd4 Nf6 5. Nc3 e5 6. Nf3 Bb4 7. Bd2 O-O 8. a3
Bxc3 9. Bxc3 Nxe4 10. Nxe5 Nxc3 11. bxc3 Re8 12. Qd5 Qe7 13. f4 d6 14. Rd1 dxe5
15. fxe5 Qxe5+ 16. Qxe5 Rxe5+ 17. Kf2 Nc6 18. Bc4 Be6 0-1

[Event "Forcing Moves First Spring-2 U1900"]
[Site "Mississauga CAN"]
[Date "2023.05.27"]
[Round "2.15"]
[White "Uyanik, Mehmet"]
[Black "Sekaran, Adithya"]
[Result "0-1"]
[WhiteElo "1236"]
[BlackElo "1314"]
[PlyCount "114"]
[EventDate "2023.05.27"]
[EventType "swiss"]
[EventRounds "5"]
[EventCountry "CAN"]

1. e4 c5 2. Nf3 d6 3. d4 cxd4 4. Nxd4 Nf6 5. Nc3 a6 6. Bc4 e6 7. Bb3 Nc6 8. Bg5
Be7 9. O-O O-O 10. Kh1 Nxd4 11. Qxd4 e5 12. Qd3 h6 13. Bh4 Nh5 14. Bxe7 Qxe7
15. Rad1 Rd8 16. Nd5 Qg5 17. Nc7 Rb8 18. g3 Bh3 19. Rg1 Rbc8 20. Nd5 Nf6 21.
Ne7+ Kh8 22. f4 Ng4 23. Rd2 Qxe7 24. f5 Rc5 25. c4 Qg5 26. Bd1 Rxc4 27. Bxg4
Rd4 28. Qb3 Rxd2 29. Bxh3 Qh5 30. g4 Qg5 31. Rf1 d5 32. f6 g6 33. exd5 R2xd5
34. Bg2 R5d7 35. Qg3 Rd1 36. h4 Qc1 37. Rxd1 Qxd1+ 38. Kh2 Qd4 39. g5 h5 40.
Kh1 Qd1+ 41. Kh2 Qd7 42. Qe3 Qc7 43. Be4 Rd4 44. Qa3 Qc8 45. Bg2 Rxh4+ 46. Kg3
Qg4+ 47. Kf2 Qf4+ 48. Ke2 Qc4+ 49. Kd2 Kg8 50. Qe7 Rf4 51. Ke1 Qb4+ 52. Ke2
Qxb2+ 53. Kd3 Rd4+ 54. Ke3 Qd2+ 55. Kf3 Rf4+ 56. Kg3 Qf2+ 57. Kh2 Rh4# 0-1

[Event "Forcing Moves First Spring-2 U1900"]
[Site "Mississauga CAN"]
[Date "2023.05.27"]
[Round "2.16"]
[White "Arnold, Devin"]
[Black "Gerard, Stephane"]
[Result "1/2-1/2"]
[WhiteElo "1091"]
[BlackElo "1292"]
[PlyCount "97"]
[EventDate "2023.05.27"]
[EventType "swiss"]
[EventRounds "5"]
[EventCountry "CAN"]

1. Nf3 Nf6 2. g3 g6 3. Bg2 Bg7 4. O-O O-O 5. d4 d5 6. c4 c6 7. cxd5 cxd5 8. Nc3
Nc6 9. Bg5 h6 10. Bxf6 Bxf6 11. e3 Be6 12. Qb3 Na5 13. Qb5 a6 14. Qa4 b5 15.
Qd1 Rc8 16. Rc1 Qd7 17. Qe1 Rc7 18. Qd2 Nc4 19. Qc2 Bf5 20. Qb3 e6 21. Ne2 Rfc8
22. Rc3 Be7 23. Rd1 a5 24. a3 a4 25. Qa2 b4 26. axb4 Bxb4 27. Rcc1 Ra8 28. b3
Nb6 29. bxa4 Rxa4 30. Rxc7 Qxc7 31. Qb3 Bc2 32. Rc1 Bxb3 33. Rxc7 Ra1+ 34. Bf1
Bc4 35. Kg2 g5 36. Rb7 Ba5 37. Ne5 Re1 38. Nxc4 Nxc4 39. Ng1 Nd2 40. Bd3 Kg7
41. Nf3 Nxf3 42. Kxf3 Rg1 43. Rb1 Rxb1 44. Bxb1 Bc7 45. h3 Kf6 46. g4 e5 47.
Ba2 exd4 48. exd4 Ke6 49. Ke3 1/2-1/2

[Event "Forcing Moves First Spring-2 U1900"]
[Site "Mississauga CAN"]
[Date "2023.05.27"]
[Round "3.5"]
[White "Cater, Brendan"]
[Black "Xie, Irene"]
[Result "0-1"]
[WhiteElo "1768"]
[BlackElo "1703"]
[PlyCount "90"]
[EventDate "2023.05.27"]
[EventType "swiss"]
[EventRounds "5"]
[EventCountry "CAN"]

1. e4 e6 2. d4 d5 3. e5 c5 4. c3 Nc6 5. Nf3 Bd7 6. Bd3 Qb6 7. O-O cxd4 8. Re1
dxc3 9. bxc3 Bc5 10. Qe2 Nge7 11. Nbd2 Qc7 12. Nb3 Bb6 13. Ba3 Ng6 14. Bd6 Qd8
15. g3 Bc7 16. Bxc7 Qxc7 17. h4 Nge7 18. Rad1 h5 19. Qe3 O-O-O 20. Rb1 Nf5 21.
Bxf5 exf5 22. Nc5 b6 23. Qd3 Nb8 24. Nb3 g6 25. Rec1 Be6 26. Nbd4 Nc6 27. Nb5
Nxe5 28. Nxc7 Nxd3 29. Rd1 Kxc7 30. Rxd3 f4 31. Rb4 fxg3 32. fxg3 Rhe8 33. a4
Bf5 34. Rd2 Re3 35. Kf2 Rxc3 36. Nd4 Bd7 37. Ne2 Rc4 38. Nf4 Bc6 39. Rd4 Rxb4
40. Rxb4 Re8 41. a5 bxa5 42. Rb2 a4 43. Rc2 Kd6 44. Ne2 a6 45. Nd4 Bb5 0-1

[Event "Forcing Moves First Spring-2 U1900"]
[Site "Mississauga CAN"]
[Date "2023.05.28"]
[Round "3.6"]
[White "Patil, Tanishq"]
[Black "Qian, Ashley"]
[Result "0-1"]
[WhiteElo "1535"]
[BlackElo "1761"]
[Annotator ",hugh_brodie@hotmail."]
[PlyCount "87"]
[EventDate "2023.05.27"]
[EventType "swiss"]
[EventRounds "5"]
[EventCountry "CAN"]

1. d4 d5 2. Bf4 Nf6 3. e3 c5 4. c3 Nc6 5. Nf3 e6 6. Nbd2 Bd6 7. Bg3 b6 8. Bb5
Bb7 9. Qa4 Qc7 10. Bxd6 Qxd6 11. Ne5 Rc8 12. Qxa7 Qc7 13. Nxc6 Bxc6 14. Bxc6+
Qxc6 15. Qa6 c4 16. Qa3 Ra8 17. Qb4 Ra4 18. a3 Rxb4 19. axb4 O-O 20. O-O Ra8
21. Nf3 Ra4 22. Ne5 Qa8 23. Rab1 Ra2 24. Nf3 Qa4 25. Rfd1 Qc2 26. Rdc1 Qa4 27.
Nd2 Ne4 28. Nxe4 dxe4 29. Rd1 Qc2 30. Ra1 Rxa1 31. Rxa1 g6 32. g3 Qxb2 33. Ra8+
Kg7 34. Rb8 Qxc3 35. Rxb6 Qb2 36. b5 c3 37. Rc6 c2 38. b6 c1=Q+ 39. Rxc1 Qxc1+
40. Kg2 Qb1 41. f4 exf3+ 42. Kf2 Qxb6 43. Kxf3 f5 44. h4 {
Unreadable. 0-1 in 61 moves.} 0-1

[Event "Forcing Moves First Spring-2 U1900"]
[Site "Mississauga CAN"]
[Date "2023.05.27"]
[Round "3.7"]
[White "Chowdavarapu, Nanda Sai Vinesh"]
[Black "Kabilar, Kesavar"]
[Result "1-0"]
[WhiteElo "1382"]
[BlackElo "1776"]
[PlyCount "111"]
[EventDate "2023.05.27"]
[EventType "swiss"]
[EventRounds "5"]
[EventCountry "CAN"]

1. d4 Nf6 2. Bf4 e6 3. e3 b6 4. Nf3 Bb7 5. c3 Be7 6. Nbd2 O-O 7. Bd3 d5 8. Ne5
Nbd7 9. h4 c5 10. Qf3 Ne4 11. Nxe4 dxe4 12. Bxe4 Bxe4 13. Qxe4 Nf6 14. Qb7 Nd5
15. Nc6 Qe8 16. Nxe7+ Nxe7 17. Bd6 Nd5 18. Bxf8 Qxf8 19. O-O Qd8 20. g3 Rc8 21.
Qa6 Qc7 22. Rad1 Nxe3 23. Qxc8+ Qxc8 24. fxe3 c4 25. e4 Kf8 26. e5 Qc6 27. Rf4
Qb5 28. Rd2 Ke7 29. Rdf2 f5 30. exf6+ gxf6 31. Rxf6 Qh5 32. Rf7+ Kd6 33. Rxa7
Qd1+ 34. Kg2 h5 35. Raf7 Qe1 36. R7f4 e5 37. Rf6+ Ke7 38. dxe5 Qxe5 39. Rxb6
Qa5 40. Rff6 Qxa2 41. Rh6 Qa8+ 42. Rhc6 Kd7 43. Kh2 Qa4 44. Rf6 Qc2+ 45. Kg1
Qc1+ 46. Kg2 Qd2+ 47. Rf2 Qd5+ 48. Kh2 Ke7 49. Rbf6 Qd3 50. R6f5 Qe3 51. R5f4
Ke6 52. Kg2 Qe5 53. g4 Qd5+ 54. Kg3 hxg4 55. Re2+ Kd6 56. Rd4 1-0

[Event "Forcing Moves First Spring-2 U1900"]
[Site "Mississauga CAN"]
[Date "2023.05.27"]
[Round "3.8"]
[White "Hong, Zihan"]
[Black "Shah, Mustafa"]
[Result "0-1"]
[WhiteElo "1280"]
[BlackElo "1391"]
[PlyCount "94"]
[EventDate "2023.05.27"]
[EventType "swiss"]
[EventRounds "5"]
[EventCountry "CAN"]

1. d4 d5 2. c4 c6 3. cxd5 cxd5 4. Nc3 Nf6 5. Nf3 Nc6 6. Bf4 e6 7. e3 a6 8. Bd3
Bd6 9. Bg5 h6 10. Bh4 Bd7 11. O-O O-O 12. a3 Be7 13. Nd2 Ne8 14. Bxe7 Nxe7 15.
Nb3 b6 16. Qe2 a5 17. a4 Nc6 18. f4 f5 19. Kh1 Nb4 20. Bb5 Bxb5 21. Nxb5 Nd6
22. Nxd6 Qxd6 23. Rg1 g6 24. g4 Kh7 25. Rg3 Rac8 26. Rc1 Rxc1+ 27. Nxc1 Rc8 28.
Qd1 Rc2 29. Nd3 Qc7 30. gxf5 exf5 31. Rg1 Nxd3 32. Qxd3 Rxb2 33. Qa3 Rc2 34.
Rg3 Rc3 35. Qf8 Rc1+ 36. Kg2 Rc6 37. Rh3 h5 38. Rg3 Re6 39. Kh3 Qe7 40. Qa8 Rd6
41. Qa6 h4 42. Rf3 Re6 43. Qe2 Re4 44. Qf2 Kg7 45. Qd2 g5 46. fxg5 Qxg5 47. Qg2
Qg4+ 0-1

[Event "Forcing Moves First Spring-2 U1900"]
[Site "Mississauga CAN"]
[Date "2023.05.27"]
[Round "3.9"]
[White "Sekaran, Adithya"]
[Black "Leung, Wah Sing (Joseph)"]
[Result "1-0"]
[WhiteElo "1314"]
[BlackElo "1681"]
[PlyCount "95"]
[EventDate "2023.05.27"]
[EventType "swiss"]
[EventRounds "5"]
[EventCountry "CAN"]

1. c4 e5 2. Nc3 Nf6 3. g3 Nc6 4. Bg2 Bc5 5. e3 O-O 6. Nge2 Re8 7. O-O d6 8. d3
a5 9. a3 Bf5 10. e4 Bg4 11. h3 Bh5 12. Bg5 h6 13. Bxf6 Qxf6 14. Nd5 Qd8 15. Qd2
Nd4 16. Nxd4 Bxd4 17. Nc3 Bg6 18. Rac1 c6 19. Ne2 Bb6 20. Kh2 f5 21. exf5 Bxf5
22. Rb1 Qf6 23. Nc3 Qg6 24. Be4 Bxe4 25. Nxe4 d5 26. cxd5 cxd5 27. Nc3 Qd6 28.
h4 Rf8 29. Kg2 Rf7 30. Rbd1 Raf8 31. f3 Bd8 32. Qe2 Bf6 33. Rd2 g5 34. hxg5
Bxg5 35. Rdd1 Rg7 36. d4 Bf4 37. g4 exd4 38. Rxd4 Re7 39. Qd1 Bh2 40. f4 Bxf4
41. Nxd5 Rd7 42. Ne7+ Qxe7 43. Rxd7 Qe4+ 44. Qf3 Qc2+ 45. Rf2 Qc8 46. Qd5+ Kh8
47. Qd4+ Kg8 48. Qg7# 1-0

[Event "Forcing Moves First Spring-2 U1900"]
[Site "Mississauga CAN"]
[Date "2023.05.27"]
[Round "3.10"]
[White "Buscar, Bernard"]
[Black "Bala, Mehar"]
[Result "0-1"]
[WhiteElo "1558"]
[BlackElo "1203"]
[PlyCount "100"]
[EventDate "2023.05.27"]
[EventType "swiss"]
[EventRounds "5"]
[EventCountry "CAN"]

1. d4 d5 2. c4 c6 3. Nc3 Nf6 4. Bg5 e6 5. Nf3 Nbd7 6. e3 h6 7. Bh4 Be7 8. Bd3
dxc4 9. Bxc4 b5 10. Bd3 Bb7 11. O-O O-O 12. Rc1 Rc8 13. Re1 b4 14. Na4 c5 15.
h3 Qa5 16. b3 Rfe8 17. Bb1 Ba6 18. Nb2 Nd5 19. Qc2 g6 20. Qd2 Bb5 21. Bxe7 Rxe7
22. e4 Nc3 23. Qxh6 Ne2+ 24. Rxe2 Bxe2 25. Ng5 f6 26. e5 fxg5 27. Qxg6+ Kf8 28.
Nc4 Bxc4 29. Rxc4 Qb6 30. Qh6+ Rg7 31. Be4 Rc7 32. Kh2 cxd4 33. Qh8+ Kf7 34.
Qh5+ Kg8 35. Qe8+ Nf8 36. Bc6 d3 37. f4 d2 38. Bf3 Rxc4 39. bxc4 Qd4 40. Qa4
Rd7 41. Bd1 Qxf4+ 42. Kh1 Qf1+ 43. Kh2 Qf4+ 44. Kh1 Qxe5 45. Qb3 Rc7 46. Bg4
Qc3 47. Qa4 Rf7 48. Bf3 Rxf3 49. gxf3 Qxf3+ 50. Kg1 d1=Q+ 0-1

[Event "Forcing Moves First Spring-2 U1900"]
[Site "Mississauga CAN"]
[Date "2023.05.27"]
[Round "3.11"]
[White "Liu, Zeyu"]
[Black "Dembla, Shabd"]
[Result "1-0"]
[WhiteElo "1286"]
[BlackElo "1342"]
[PlyCount "59"]
[EventDate "2023.05.27"]
[EventType "swiss"]
[EventRounds "5"]
[EventCountry "CAN"]

1. d4 Nf6 2. Nc3 d5 3. Bf4 c6 4. e3 e6 5. Nf3 Nbd7 6. Bd3 Be7 7. h3 Nb6 8. Ne5
Bb4 9. a3 Bxc3+ 10. bxc3 Na4 11. Qd2 h6 12. c4 Nb6 13. Qb4 a5 14. Qb3 dxc4 15.
Nxc4 Nxc4 16. Qxc4 O-O 17. Rb1 Qd7 18. O-O Nd5 19. Be5 f6 20. Bh2 b5 21. Qc5
Rd8 22. c4 Nc3 23. Rb3 Na4 24. Qh5 bxc4 25. Bxc4 Ba6 26. Bxa6 Rxa6 27. Rfb1 Qe7
28. Rb7 Rd7 29. Rb8+ Kh7 30. Qd1 1-0

[Event "Forcing Moves First Spring-2 U1900"]
[Site "Mississauga CAN"]
[Date "2023.05.27"]
[Round "3.12"]
[White "Narula, Japveer"]
[Black "Kang, Richard"]
[Result "1-0"]
[WhiteElo "1188"]
[BlackElo "1332"]
[PlyCount "83"]
[EventDate "2023.05.27"]
[EventType "swiss"]
[EventRounds "5"]
[EventCountry "CAN"]

1. e4 c6 2. d4 d5 3. Nc3 dxe4 4. Nxe4 Bf5 5. Ng3 Bg6 6. Nf3 Nf6 7. Bf4 e6 8. c3
Bd6 9. Bxd6 Qxd6 10. Qb3 Qc7 11. Be2 Nbd7 12. O-O O-O 13. Rad1 Nd5 14. Bd3 Bxd3
15. Rxd3 c5 16. c4 Nf4 17. Rd2 cxd4 18. Nxd4 Rac8 19. Nb5 Qc6 20. f3 Qb6+ 21.
Kh1 Nf6 22. Nd6 Qxb3 23. axb3 Rcd8 24. Rfd1 b6 25. Nde4 Rxd2 26. Nxf6+ gxf6 27.
Rxd2 Rc8 28. Rd7 Rc5 29. h3 Rg5 30. Ne4 Rxg2 31. Nxf6+ Kg7 32. Nh5+ Nxh5 33.
Kxg2 Nf4+ 34. Kh2 Ne2 35. Rxa7 Nd4 36. Rb7 Nxb3 37. Rxb6 Nd2 38. c5 Nxf3+ 39.
Kg3 Ne5 40. c6 Nc4 41. Rb8 Nd6 42. c7 1-0

[Event "Forcing Moves First Spring-2 U1900"]
[Site "Mississauga CAN"]
[Date "2023.05.27"]
[Round "3.13"]
[White "Guan, Isabelle"]
[Black "Surendran, Siddharth"]
[Result "1-0"]
[WhiteElo "1326"]
[BlackElo "946"]
[PlyCount "71"]
[EventDate "2023.05.27"]
[EventType "swiss"]
[EventRounds "5"]
[EventCountry "CAN"]

1. e4 c5 2. Nf3 e6 3. d4 cxd4 4. Nxd4 a6 5. Nc3 Qc7 6. Be3 Bb4 7. Bd2 Nf6 8.
Bd3 h6 9. a3 Bc5 10. Be3 O-O 11. Na4 Ba7 12. Qf3 Nc6 13. Nxc6 Bxe3 14. Ne7+ Kh8
15. fxe3 Re8 16. Nxc8 Raxc8 17. O-O b5 18. Nc3 Re7 19. a4 b4 20. Ne2 a5 21. Nd4
Rce8 22. Nb5 Qc5 23. Qg3 e5 24. Rac1 d5 25. exd5 Nxd5 26. Qf2 e4 27. Be2 Re6
28. Nd4 Rf6 29. Qg3 Rg6 30. Qh3 Kg8 31. Bh5 Rf6 32. Rxf6 Nxf6 33. Be2 Nd5 34.
Qg3 Nb6 35. Rf1 Nxa4 36. Bb5 1-0

[Event "Forcing Moves First Spring-2 U1900"]
[Site "Mississauga CAN"]
[Date "2023.05.27"]
[Round "3.14"]
[White "Langridge, Caleb"]
[Black "Deepak, Laksshana"]
[Result "0-1"]
[WhiteElo "1252"]
[BlackElo "1666"]
[PlyCount "42"]
[EventDate "2023.05.27"]
[EventType "swiss"]
[EventRounds "5"]
[EventCountry "CAN"]

1. e4 c5 2. Nf3 d6 3. Bb5+ Nd7 4. a4 a6 5. Bc4 e6 6. d3 Ngf6 7. Nc3 Be7 8. Bf4
O-O 9. O-O b6 10. Re1 Bb7 11. Bg3 Nh5 12. d4 Nxg3 13. fxg3 cxd4 14. Qxd4 Qc7
15. Kh1 Bf6 16. Qd3 Rfc8 17. Bb3 Bxc3 18. bxc3 Nc5 19. Qd4 e5 20. Qb4 a5 21.
Qa3 Nxe4 0-1

[Event "Forcing Moves First Spring-2 U1900"]
[Site "Mississauga CAN"]
[Date "2023.05.27"]
[Round "3.15"]
[White "Gerard, Stephane"]
[Black "Anish, Diganth"]
[Result "0-1"]
[WhiteElo "1292"]
[BlackElo "1209"]
[PlyCount "50"]
[EventDate "2023.05.27"]
[EventType "swiss"]
[EventRounds "5"]
[EventCountry "CAN"]

1. d4 Nf6 2. c4 e6 3. Nc3 Bb4 4. Nf3 d6 5. e3 Nbd7 6. Bd3 e5 7. e4 exd4 8. Nxd4
Ne5 9. Bb1 Bg4 10. Qa4+ Nc6 11. Nxc6 Bxc3+ 12. bxc3 bxc6 13. Qxc6+ Bd7 14. Qa6
Ng4 15. f3 Qh4+ 16. g3 Qf6 17. fxg4 Qxc3+ 18. Bd2 Qxa1 19. O-O Qd4+ 20. Rf2 O-O
21. Kg2 Rab8 22. Bc2 Rb2 23. Ba5 Rxc2 24. Rxc2 Qxe4+ 25. Kh3 Bxg4+ 0-1

[Event "Forcing Moves First Spring-2 U1900"]
[Site "Mississauga CAN"]
[Date "2023.05.28"]
[Round "4.5"]
[White "Xie, Irene"]
[Black "Chowdavarapu, Nanda Sai Vinesh"]
[Result "1/2-1/2"]
[WhiteElo "1703"]
[BlackElo "1382"]
[PlyCount "64"]
[EventDate "2023.05.27"]
[EventType "swiss"]
[EventRounds "5"]
[EventCountry "CAN"]

1. e4 c5 2. Nf3 e6 3. g3 a6 4. Bg2 Qc7 5. d3 b5 6. a4 b4 7. b3 Bb7 8. Bb2 d6 9.
Nbd2 Nd7 10. Nc4 Ngf6 11. Qe2 Be7 12. e5 dxe5 13. Ncxe5 O-O 14. O-O Nb6 15. Nd2
Bxg2 16. Kxg2 Nbd5 17. Ndc4 Nd7 18. Nxd7 Qxd7 19. f4 Bf6 20. Bxf6 Nxf6 21. Qf3
Qd5 22. Rae1 Qxf3+ 23. Kxf3 Rfd8 24. Re5 Rac8 25. Rfe1 h5 26. h3 g6 27. g4 Rd4
28. Kg3 hxg4 29. hxg4 Kg7 30. R1e2 Rc7 31. Re1 Rc8 32. R1e2 Rc7 1/2-1/2

[Event "Forcing Moves First Spring-2 U1900"]
[Site "Mississauga CAN"]
[Date "2023.05.28"]
[Round "4.6"]
[White "Shah, Mustafa"]
[Black "Qian, Ashley"]
[Result "0-1"]
[WhiteElo "1391"]
[BlackElo "1761"]
[PlyCount "194"]
[EventDate "2023.05.27"]
[EventType "swiss"]
[EventRounds "5"]
[EventCountry "CAN"]

1. d4 d5 2. Nf3 Nf6 3. Bf4 c5 4. e3 Nc6 5. c3 e6 6. Nbd2 Bd6 7. Bg5 h6 8. Bh4
O-O 9. Bd3 b6 10. O-O Bb7 11. Re1 Be7 12. h3 Rc8 13. Rc1 Re8 14. Bb1 Nd7 15.
Bg3 Nf8 16. Ne5 Nxe5 17. Bxe5 Bd6 18. Bxd6 Qxd6 19. Nf3 Red8 20. Qe2 Nd7 21.
Qd3 Nf8 22. Qe2 Qe7 23. Rcd1 Rc7 24. a3 Qf6 25. Ne5 Qe7 26. f4 Rcc8 27. Qg4 f5
28. Qh5 Bc6 29. Nxc6 Rxc6 30. Qf3 Rcc8 31. g4 Qf7 32. h4 Qg6 33. g5 h5 34. Bd3
Qe8 35. Be2 g6 36. Qf2 c4 37. Rb1 b5 38. Bf3 Rc7 39. Qe2 Rdc8 40. Qd2 a5 41.
Rec1 Qe7 42. Bd1 Nd7 43. Qe1 Nb8 44. Qd2 Na6 45. Ra1 Qd6 46. Ra2 b4 47. axb4
axb4 48. Rca1 bxc3 49. bxc3 Rc6 50. Rb2 Rb6 51. Rab1 Rcb8 52. Qc2 Kf7 53. Kf2
Qc6 54. Ke1 Nc7 55. Rxb6 Rxb6 56. Rxb6 Qxb6 57. Qa4 Ke7 58. Qa3+ Kf7 59. Bc2
Ne8 60. Qa8 Qb5 61. Qa7+ Kg8 62. Qe7 Ng7 63. Qa3 Qb7 64. Kd2 Kh7 65. Qa5 Qb2
66. Qa7 Qb5 67. Kc1 Qe8 68. Qb7 Qf8 69. Qa7 Qd6 70. Kb2 Qc6 71. Ba4 Qd6 72. Be8
Qf8 73. Bf7 Qc8 74. Kc2 Qd8 75. Bxe6 Qe8 76. Bxd5 Qxe3 77. Qf7 Qe2+ 78. Kc1
Qe1+ 79. Kb2 Qd2+ 80. Ka3 Qxc3+ 81. Ka4 Qb3+ 82. Ka5 Qc3+ 83. Kb5 Qb3+ 84. Kc6
Qa4+ 85. Kd6 Qa6+ 86. Ke5 Qc8 87. Bxc4 Qb8+ 88. Kd5 Qxf4 89. Kc6 Qb8 90. d5
Qc8+ 91. Kb5 Qb8+ 92. Kc5 Qc8+ 93. Kd4 Qd8 94. Kc3 Qa5+ 95. Kd3 Qd8 96. Kc2 Qd6
97. Qg8+ Kxg8 0-1